00922cam a2200253 a 450000100100000000500170001000800410002702000150006804000230008308200180010610000380012424500560016226000350021830000200025349000360027349000240030958600510033365000290038465000310041383000540044491000340049895201210053299900150065300000493820200929151535.0920421s1992 sp 000 0 spa  a8476583265 aDO-SdBNPcDLCdDLC a861.64bL792t1 aLlop, José Carlosd1956-91426213aLa tumba etrusca (1988-1990) /cJosé Carlos Llop. aBarcelona :bAnthropos,c1992. a63 p. ;c20 cm.1 aÁmbitos literarios ;vno. 1031 aPoesía ;vno. 103 aPremio Editorial Anthropodos de Poesía, 1991 4aPoesía española9631 4aLiteratura española9632 0aÁmbitos literarios,pPoesía ;vno. 103914263 aCatalogación por copia / LC 001052708MOaGRbGRcCTd2009-07-27iLF1l0o861.64 L792tp4938-10r2020-06-25w2020-06-25y2ZPréstamo interno c4744d4744